Statistics for music trivia: 1968 songs and artists

Click here to take the quiz!

General Stats

  • This quiz has been taken 130 times
  • The average score is 8 of 15

Answer Stats

for each of these songs...name the 1968 artist or group associated with it% Correct
All Along the WatchtowerBob Dylan and Jimi Hendrix
89%
Sunshine of Your LoveCream
88%
Born to Be WildSteppenwolf
87%
Lady MadonnaThe Beatles
85%
Wichita LinemanGlen Campbell
75%
Hello, I Love YouThe Doors
71%
For Once in My LifeStevie Wonder
67%
I Say a Little PrayerAretha Franklin
47%
Both Sides NowJudy Collins
44%
Dance to the MusicSly and the Family Stone
41%
Green TambourineThe Lemon Pipers
38%
Cry Like a BabyThe Box Tops
26%
Yummy Yummy YummyOhio Express
24%
I Thank YouSam and Dave
14%
La-La (Means I Love You)The Delfonics
13%

Score Distribution

Percentile by Number Answered

Percent of People with Each Score

Your Score History

You have not taken this quiz